Earmarks Disclosed by Congress : FY2008 and FY2009 Regular Appropriations Bills.

Provides information on earmarks disclosed by the House of Representative and the Senate for the 12 regular, annual appropriations bills for each of FY2008 and FY2009. Analyzes data in the earmark disclosure lists, covering distribution of earmarks in FY2009, earmarks as a percentage of appropriatio...

Full description

Bibliographic Details
Corporate Authors: Library of Congress. Congressional Research Service, ProQuest (Firm)
Format: eBook
Language:English
Published: [Place of publication not identified] : [publisher not identified], 2009.
Series:U.S. Congressional Research.
Subjects:
Online Access:Connect to the full text of this electronic book

MARC

Tag First Indicator Second Indicator Subfields
LEADER 00000cam a22000001a 4500
001 in00003406830
006 m d f
007 cr bn mmmapmmp
008 101101s2009 dcu o f000 0 eng d
005 20260501144934.8
035 |a cis2007872490 
040 |a ProQuest  |c ProQuest  |d UtOrBLW 
043 |a n-us--- 
099 |a CRS-2009-RSI-0833 
110 2 |a Library of Congress.  |b Congressional Research Service. 
245 1 0 |a Earmarks Disclosed by Congress :  |b FY2008 and FY2009 Regular Appropriations Bills. 
264 1 |a [Place of publication not identified] :  |b [publisher not identified],  |c 2009. 
300 |a 1 online resource. 
336 |a text  |b txt  |2 rdacontent 
337 |a computer  |b c  |2 rdamedia 
338 |a online resource  |b cr  |2 rdacarrier 
500 |a Record is based on bibliographic data in ProQuest U.S. Congressional Research Digital Collection (last viewed Dec. 2010). Reuse except for individual research requires license from ProQuest, LLC. 
500 |a CRS Report. 
520 |a Provides information on earmarks disclosed by the House of Representative and the Senate for the 12 regular, annual appropriations bills for each of FY2008 and FY2009. Analyzes data in the earmark disclosure lists, covering distribution of earmarks in FY2009, earmarks as a percentage of appropriations in FY2009, congressionally disclosed earmarks requested by the President, and recent earmark trends. Includes tables and graphs. 
500 |a Electronic resource. 
650 0 |a Budget  |z United States. 
650 0 |a Expenditures, Public. 
650 0 |a Statistics. 
655 7 |a Electronic books.  |2 local 
710 2 |a ProQuest (Firm) 
776 0 8 |i Microfiche version:   |a Library of Congress. Congressional Research Service.  |t Earmarks Disclosed by Congress 
830 0 |a U.S. Congressional Research. 
856 4 0 |u http://proxy.library.tamu.edu/login?url=https://congressional.proquest.com/congcomp/getdoc?CRDC-ID=CRS-2009-RSI-0833  |z Connect to the full text of this electronic book  |t 0 
999 |a MARS 
999 f f |s dded3eef-6ca8-3b6d-9b07-7adcfeb80c06  |i f7ae87b7-a152-3bba-bd1d-586154eac364  |t 0 
952 f f |a Texas A&M University  |b College Station  |c Electronic Resources  |s www_evans  |d Available Online  |t 0  |e CRS-2009-RSI-0833  |h Other scheme 
998 f f |a CRS-2009-RSI-0833  |t 0  |l Available Online